Best buy by Witeg

Gespeichert in:
Bibliographische Detailangaben
Format: Buch
Sprache:Undetermined
Veröffentlicht: Germany 1993
Schlagworte:
Tags: Tag hinzufügen
Keine Tags, Fügen Sie den ersten Tag hinzu!
Thư viện lưu trữ: Trung tâm Học liệu Trường Đại học Cần Thơ
LEADER 00349nam a2200145Ia 4500
001 CTU_23472
008 210402s9999 xx 000 0 und d
082 |a 016 
082 |b B561 
245 0 |a Best buy by Witeg 
260 |a Germany 
260 |c 1993 
650 |a Catalog 
904 |i Truc 
980 |a Trung tâm Học liệu Trường Đại học Cần Thơ